书目信息 |
| 题名: |
录音与调音
|
|
| 作者: | 黄瀚 , 王宏民 著 | |
| 分册: | ||
| 出版信息: | 北京 中国广播电视出版社 2002 |
|
| 页数: | 512页 | |
| 开本: | 20cm | |
| 丛书名: | ||
| 单 册: | ||
| 中图分类: | TN912.12 | |
| 科图分类: | ||
| 主题词: | 电声技术 , 语音数据处理 | |
| 电子资源: | ||
| ISBN: | 7-5043-3883-4 | |
| 000 | 00592nam0 2200205 450 | |
| 001 | 0735592734 | |
| 005 | 20070906095312.73 | |
| 010 | @a7-5043-3883-4@d¥29.00 | |
| 100 | @a20070906d km y0chiy0120 ea | |
| 101 | 0 | @achi |
| 200 | 1 | @a录音与调音@Alu yin yu tiao yin@f黄瀚,王宏民著@Fhuang han,wang hong min zhu |
| 210 | @a北京@c中国广播电视出版社@d2002 | |
| 215 | @a512页@d20cm | |
| 606 | 0 | @a电声技术 |
| 606 | 0 | @a语音数据处理 |
| 690 | @aTN912.12@v3 | |
| 701 | 0 | @a黄瀚@Ahuang han@4著 |
| 701 | 0 | @a王宏民@Awang hong min@4著 |
| 801 | 0 | @aCN@bPFT@c20070906 |
| 905 | @a213230@dTN912.12@eP17@f1 | |
| 录音与调音/黄瀚,王宏民著.-北京:中国广播电视出版社,2002 |
| 512页;20cm |
| ISBN 7-5043-3883-4:¥29.00 |
| ● |
| 相关链接 |
|
|
|
|
正题名:录音与调音
索取号:TN912.12/P17
 
预约/预借
| 序号 | 登录号 | 条形码 | 馆藏地/架位号 | 状态 | 备注 |
| 1 | 7201120 | 272011208 | 密集书库-物理学院/ [索取号:TN912.12/P17] | 在馆 |